000 00786nam a22001817a 4500
005 20240722170237.0
010 _aB-760085
020 _a9789392829376
_c149.00
035 _aB-760085
082 _a
100 _aवाजपेयी, सुमन
_968725
245 _aमंदिर का रहस्य /
_cसुमन वाजपेयी
260 _aहरियाणा
_bसाहित्य विमर्श प्रकाशन
_c2022
270 _a987, सेक्टर 09, गुरुग्राम
_bहरियाणा
_e122006
300 _a107पृष्ठ
_c22सेमी.(अजिल्द)
942 _2ddc
_cCH
_mवाजपे
_h
999 _c204280
_d204280